Correntes d'escritas (Registo nº 3831)
[ vista simples ]
| 000 -Etiqueta do registo | |
|---|---|
| Cabeçalho | 00924nam0a2200301 4500 |
| 005 - Identificador da versão | |
| Campo de controlo | 20240813122045.0 |
| 010 ## - Número internacional normalizado dos livros (ISBN) | |
| Número (ISBN) | 9789720701497 |
| Número (ISBN) | 978-972-0-70230-2 |
| Número (ISBN) | 978-972-0-70437-5 |
| 021 ## - Número do Depósito Legal | |
| Código do país | PT |
| Número | 295939/09 |
| Código do país | PT |
| Número | 314171/10 |
| Código do país | PT |
| Número | 329863/11 |
| 100 ## - Dados gerais de processamento | |
| Dados gerais de processamento | 20171128d20092011d y0pory5003 ba |
| 102 ## - Pais de publicação ou produção | |
| País de publicação | Portugal |
| 101 0# - Língua de publicação | |
| Língua do texto, banda sonora, etc. | Português |
| 215 ## - Descrição física | |
| Indicação específica da natureza do documento e extensão da espécie | 3 vol. |
| Outras indicações físicas | il. color |
| 200 1# - Titulo e menção de responsabilidade | |
| Título próprio | Correntes d'escritas |
| Informação de outro título | contos infantis ilustrados |
| Primeira menção de responsabilidade | EB 1/Ji de Aires |
| 210 ## - Publicação, Distribuição, etc. | |
| Lugar da edição, distribuição, etc. | Porto |
| Nome do editor, distribuidor, etc. | Porto Ed. |
| Data da publicação, distribuição, etc. | cop. 2009-cop. 2011 |
| 606 ## - Nome comum usado como assunto | |
| Número de registo de entrada de autoridade | 0001335 |
| Palavra de ordem | Literatura portuguesa |
| Subdivisão de assunto | Conto |
| Código do sistema | CA |
| 675 ## - Classificação Decimal Universal (CDU) | |
| Notação | 821.134.3-34 |
| Edição | 3ª ed. |
| Língua da edição | por |
| 711 02 - Nome de colectividade-autor (co-responsabilidade principal) | |
| Número de registo de entrada de autoridade | 0001978 |
| Palavra de ordem | EB1/JI de Aires |
| Elementos de identificação ou distinção | et al. |
| Código de função | Autor / Co-autor |
| Número de registo de entrada de autoridade | 0001979 |
| Palavra de ordem | Externato Paraíso dos Pequenos |
| Elementos de identificação ou distinção | et al. |
| Código de função | Autor / Co-autor |
| Número de registo de entrada de autoridade | 0001980 |
| Palavra de ordem | Externato O Patinho Feio |
| Elementos de identificação ou distinção | et al. |
| Código de função | Autor / Co-autor |
| 966 ## - Identificação da Biblioteca | |
| Sigla | EBVEN |
| 942 ## - Elementos de entrada adicionados (Koha) | |
| Tipo de item no Koha | Livro |
| Situação do levantamento | Origin of item (home branch) (coded) | Biblioteca de empréstimo | Código de barras | Cota | Circulation type (not for loan) | Tipo de documento | Nota do exemplar | Damaged status |
|---|---|---|---|---|---|---|---|---|
| Biblioteca Escolar das Vendas | Biblioteca Escolar das Vendas | BEV2084 | 8POR COR | Livro | Sem mensagem | |||
| Biblioteca Escolar das Vendas | Biblioteca Escolar das Vendas | BEV2446 | 8POR COR | Livro | Sem mensagem | |||
| Biblioteca Escolar das Vendas | Biblioteca Escolar das Vendas | BEV2485 | 8POR COR | Livro | Sem mensagem |
